LEADER 01195nam a22003134a 4500 001 991000170169707536 008 031210s2002 it a b 000 0 eng 020 $a887413018X 035 $ab12579695-39ule_inst 040 $aDip.to Matematica$beng 041 1 $aita$heng 082 0 $a510$221 084 $aAMS 00A08 084 $aLC QA93$b.P365 100 1 $aPappas, Theoni$0481552 240 14$aThe joy of mathematics.$lEnglish 245 13$aLe gioie della matematica :$bcome scoprire la matematica che ci circonda nella natura, nella musica, nell'architettura, nella storia e nella letteratura /$cTheoni Pappas 250 $aNuova ed. ital. 260 $aRoma :$bF. Muzzio,$c2002 300 $a255 p. :$bill. ;$c21 cm 440 3$aIl piacere della scienza ;$v1 504 $aIncludes bibliographical references (p. 250-255) 650 0$aMathematics$xPopular works 907 $a.b12579695$b17-03-08$c10-12-03 912 $a991000170169707536 945 $aLE013 00A PAP11 (2002)$g1$i2013000143484$lle013$op$pE13.50$q-$rl$s- $t0$u10$v0$w10$x0$y.i13075238$z09-02-04 996 $aJoy of mathematics$948217 997 $aUNISALENTO 998 $ale013$b10-12-03$cm$da $e-$fita$git $h3$i1 LEADER 03216nam 2200673 450 001 9910787197703321 005 20230803204703.0 010 $a3-11-039312-3 010 $a3-11-036312-7 024 7 $a10.1515/9783110363128 035 $a(CKB)3710000000229255 035 $a(EBL)1652359 035 $a(SSID)ssj0001441934 035 $a(PQKBManifestationID)11919178 035 $a(PQKBTitleCode)TC0001441934 035 $a(PQKBWorkID)11412523 035 $a(PQKB)11567242 035 $a(MiAaPQ)EBC1652359 035 $a(DE-B1597)426771 035 $a(OCoLC)890071053 035 $a(OCoLC)900716099 035 $a(DE-B1597)9783110363128 035 $a(Au-PeEL)EBL1652359 035 $a(CaPaEBR)ebr11014054 035 $a(CaONFJC)MIL806029 035 $a(EXLCZ)993710000000229255 100 $a20150211h20142014 uy 0 101 0 $aeng 135 $aurnn#---|u||u 181 $ctxt 182 $cc 183 $acr 200 10$aTypes of reduplication $ea case study of Bikol /$fVeronika Mattes 210 1$aBerlin, [Germany] ;$aBoston, [Massachusetts] :$cMouton de Gruyter,$d2014. 210 4$dİ2014 215 $a1 online resource (222 p.) 225 0 $aStudia Typologica : Beihefte, STUF-Sprachtypologie und Universalienforschung,$x1617-2957 ;$vVoludme 16 300 $aDescription based upon print version of record. 311 0 $a3-11-036313-5 311 0 $a3-11-036297-X 320 $aIncludes bibliographical references and indexes. 327 $tFront matter --$tPreface and acknowledgments --$tTable of contents --$tAbbreviations and map --$t1 Introduction --$t2 Bikol --$t3 Reduplication --$t4 Productive reduplication in Bikol --$t5 Lexical reduplication in Bikol --$t6 Summary of the main topics and concluding remarks --$tAppendix 1: Content of the dialogues, poems and stories of the corpus --$tAppendix 2: Bisyllabic reduplicated roots --$tAppendix 3: Lexical partial reduplication --$tAppendix 4: Lexical full reduplication --$tAppendix 5: Echo-words --$tAppendix 6: Productive partial reduplication --$tAppendix 7: Productive full (and Curu-)reduplication --$tReferences --$tIndex of authors --$tIndex of languages --$tIndex of subjects 330 $aThe book systematically discusses the formal and functional properties as well as the rules of the manifold productive reduplication types of Bikol, an Austronesian language of the Philippines. Based on the author''s own fieldwork, this case study demonstrates the highly complex and grammaticized status of reduplication. In addition, the formal and semantic properties of unproductive reduplicative forms of the language are also investigated. 410 0$aStudia Typologica 606 $aPhilippine languages$xHistory 606 $aBikol language$xReduplication 610 $aReduplication, Typology, Austronesian. 615 0$aPhilippine languages$xHistory. 615 0$aBikol language$xReduplication. 676 $a499.21 686 $aEF 47700$2rvk 700 $aMattes$b Veronika$01583601 801 0$bMiAaPQ 801 1$bMiAaPQ 801 2$bMiAaPQ 906 $aBOOK 912 $a9910787197703321 996 $aTypes of reduplication$93866885 997 $aUNINA